| 000 | 00440nam a2200109 a 4500 | ||
|---|---|---|---|
| 008 | 120416s9999 xx |||||||||||||| || u | ||
| 050 | _aTS 176 Dan | ||
| 100 | _aDanilevsky, V | ||
| 245 | 1 | 0 |
_aManufacturing engineering _ctranslated from the Russian by Nicholas weinstein |
| 350 | _a0.00 | ||
| 995 |
_D0.00 _FCBU-MAIN LIBRARY (Kitwe) _H1 _I4.00 _M1 _UAVAILABLE _ZMain Library Open Access Collection |
||
| 999 |
_c50314 _d50314 |
||